000 00571cam a22002054a 4500
005 20250605164152.0
008 250528s ||||||||||||||||||||||||d
035 _a19434
020 _a9604053566
040 _aGR-AtMCL
_bgre
_dGR-AtMCL
_eAACR2
245 1 _aΕΦΑΡΜΟΓΕΣ ΣΥΣΤΗΜΑΤΩΝ DBASE IV
250 _a1
260 _bΊων,
_c1992
300 _a256
700 1 _aΔημοπουλος Κωνσταντινος
_95684
700 1 _aΚουτσομητοπουλος Μαριος
_95685
942 _cBK
999 _c4690
_d4690